Countries With the Word "Land" the Name - Statistics

General Stats
  • This quiz has been taken 252 times
  • The average score is 8 of 11
Answer Stats
Answer % Correct
Iceland
92%
Finland
89%
Ireland
86%
Switzerland
83%
The Netherlands
79%
Poland
76%
Thailand
76%
Swaziland
75%
New Zealand
73%
Marshall Islands
53%
Solomon Islands
52%
No matching quizzes found
Score Distribution
Percent of People with Each Score
Percentile by Number Answered
Your Score History
You have not taken this quiz